书目信息 |
| 题名: |
心碑
|
|
| 作者: | 吴仁杰 主编 ;中共登封市委宣传部 , 上海市希望工程办公室 编 | |
| 分册: | ||
| 出版信息: | 上海 上海交通大学出版社 2004.6 |
|
| 页数: | 165页 | |
| 开本: | 21cm | |
| 丛书名: | ||
| 单 册: | ||
| 中图分类: | K828.2=76 | |
| 科图分类: | ||
| 主题词: | ||
| 电子资源: | ||
| ISBN: | 7-313-03771-6 | |
| 000 | 01273nam0 2200313 450 | |
| 000 | 01356nam0 2200325 450 | |
| 000 | 01319nam0 2200313 450 | |
| 000 | 01302nam0 2200313 450 | |
| 000 | 01265nam0 2200301 45 | |
| 001 | 012004145702 | |
| 005 | 20050908171425.97 | |
| 010 | @a7-313-03771-6@dCNY15.00 | |
| 100 | @a20041009d2004 em y0chiy0121 ea | |
| 101 | 0 | @achi |
| 102 | @aCN@b310000 | |
| 105 | @afg z 000yd | |
| 200 | 1 | @a心碑@Axin bei@e英雄任长霞@f吴仁杰主编@g中共登封市委宣传部,上海市希望工程办公室编 |
| 210 | @a上海@c上海交通大学出版社@d2004.6 | |
| 215 | @a165页@c照片,乐谱@d21cm | |
| 330 | @a本书讲述了中国十大女杰、全国五一劳动奖章获得者、全国优秀人民警察、全国公安系统一级英模任长霞的英雄事迹,其中不仅选编了公开媒体报道的纪念任长霞的文章,还有任长霞的亲属及登封市老百姓自发写的诗词和悼念文章。 | |
| 517 | 1 | @a英雄任长霞@Aying xiong ren chang xia |
| 600 | 0 | @a任长霞@Aren chang xia@c(女)@x生平事迹 |
| 600 | 0 | @a任长霞@Aren chang xia@c(女) |
| 690 | @aK828.2=76@v4 | |
| 701 | 0 | @a吴仁杰@Awu ren jie@4主编 |
| 712 | 02 | @a中共登封市委宣传部@Azhong gong deng feng shi wei xuan chuan bu@4编 |
| 712 | 02 | @a上海市希望工程办公室@Ashang hai shi xi wang gong cheng ban gong shi@4编 |
| 801 | 0 | @aCN@bSRXX@c20050908 |
| 905 | @a10447@dK828.2=76@eW850 | |
| 心碑:英雄任长霞/吴仁杰主编/中共登封市委宣传部,上海市希望工程办公室编.-上海:上海交通大学出版社,2004.6 |
| 165页:照片,乐谱;21cm |
| ISBN 7-313-03771-6:CNY15.00 |
| 本书讲述了中国十大女杰、全国五一劳动奖章获得者、全国优秀人民警察、全国公安系统一级英模任长霞的英雄事迹,其中不仅选编了公开媒体报道的纪念任长霞的文章,还有任长霞的亲属及登封市老百姓自发写的诗词和悼念文章。 |
| ● |
| 相关链接 |
|
|
|
正题名:心碑
索取号:K828.2=76/W850
 
预约/预借
| 序号 | 登录号 | 条形码 | 馆藏地/架位号 | 状态 | 备注 |
| 1 | 541647 | 205416478 | 社科库309/309社科库 60排1列3层/ [索取号:K828.2=76/W850] | 在馆 | |
| 2 | 541648 | 205416487 | 社科库309/309社科库 60排1列3层/ [索取号:K828.2=76/W850] | 在馆 | |
| 3 | 541649 | 205416496 | 社科库309/309社科库 60排1列3层/ [索取号:K828.2=76/W850] | 在馆 |